| 000 | 00524nam a2200181 4500 | ||
|---|---|---|---|
| 001 | 107515 | ||
| 003 | ES-MaACL | ||
| 005 | 20230906184433.0 | ||
| 007 | t| | ||
| 008 | 061121s1979 fr r ||||1| fre d | ||
| 020 | _a2-7073-0025-X | ||
| 100 | 1 |
_aMorrissette, Bruce. _983692 |
|
| 245 | 1 | 4 |
_aLes romans de Robbe-Grillet / _cBruce Morrissette; préface de Roland Barthes. |
| 260 |
_aParís : _bMinuit, _c1979. |
||
| 300 |
_a308 p. ; _c22 cm. |
||
| 700 | 1 |
_aBarthes, Roland. _926125 |
|
| 852 |
_aES-MaACL _jL-11676 _bR.113520 |
||
| 999 |
_c107515 _d107515 |
||